|
|
|
|
| LEADER |
00000cam a2200000 a 4500 |
| 001 |
25752 |
| 005 |
20230308171645.0 |
| 008 |
959912|1950 ||||||||r|||||||||||spa|| |
| 040 |
|
|
|b spa
|
| 041 |
1 |
|
|a spa
|
| 082 |
0 |
|
|a 954
|
| 100 |
1 |
|
|a Ramacharaka, Yogi
|9 62276
|
| 245 |
|
|
|a Filosofías y religiones de la India
|c Yogi Ramacharaka, trad. federico Climent Terrer
|h imp
|
| 264 |
|
|
|a Buenos Aires
|b Editorial Kier
|c 1950
|
| 300 |
|
|
|a 220 páginas:
|c 20 cm
|
| 504 |
|
|
|a incl. ref.
|
| 650 |
1 |
|
|a India
|9 10729
|
| 650 |
1 |
|
|a Historia de la india
|9 10730
|
| 650 |
1 |
|
|a Religion de la india
|9 62277
|
| 650 |
1 |
0 |
|a Filosofía india
|9 44641
|
| 852 |
|
|
|a UC-CDJBV
|c TERCER PISO
|f Donación
|k margarita.gutierrez
|l 1
|m General
|p 19599121
|r 2
|t 25752
|y 67408
|b 0
|d CDRC
|e CDRC
|g 954 TERCER PISO
|z 1959-99-12
|
| 942 |
|
|
|c BK
|0 1
|
| 999 |
|
|
|c 37027
|d 37027
|